[Event "Balatonlelle Rigo Memorial GM-A 4th"]
[Site "Balatonlelle"]
[Date "2025.06.25"]
[Round "6"]
[White "Gschnitzer, Adrian"]
[Black "Balint, Peter1"]
[Result "1-0"]
[WhiteElo "2442"]
[BlackElo "2354"]
[PlyCount "59"]
[EventDate "2025.06.21"]
[EventType "tourn"]
[EventRounds "9"]
[EventCountry "HUN"]
[EventCategory "6"]
[SourceTitle "CB27_2025"]
[SourceDate "2025.07.02"]
[SourceVersion "1"]
[SourceVersionDate "2025.07.02"]
[SourceQuality "1"]

1. e4 e5 2. Nf3 Nc6 3. Bc4 Nf6 4. d3 h6 5. 0-0 d6 6. c3 g5 7. Nbd2 Bg7 8. Bb3 a5 9. a4 Ne7 10. Nc4 Be6 11. Re1 Ng6 12. d4 Qe7 13. Ne3 Nf4 14. Bxe6 fxe6 15. dxe5 Nxe4 16. exd6 cxd6 17. Nc4 d5 18. Bxf4 gxf4 19. Nce5 0-0 20. Ng6 Qc5 21. Nd4 e5 22. Nxf8 Rxf8 23. Rxe4 dxe4 24. Ne6 Qc6 25. Nxf8 Bxf8 26. Qg4+ Bg7 27. Rd1 Qf6 28. Qc8+ Kh7 29. Qxb7 Qg6 30. Rd7 1-0

[Event "Basel Christmas op"]
[Site "Basel"]
[Date "2024.12.28"]
[Round "4"]
[White "Gschnitzer, Adrian"]
[Black "Fernandes Barbosa, Gabriel"]
[Result "1-0"]
[WhiteElo "2446"]
[BlackElo "2170"]
[PlyCount "59"]
[EventDate "2024.12.26"]
[EventType "swiss"]
[EventRounds "7"]
[EventCountry "SUI"]
[SourceTitle "CB01_2025"]
[SourceDate "2025.01.01"]
[SourceVersion "1"]
[SourceVersionDate "2025.01.01"]
[SourceQuality "1"]

1. d4 d5 2. c4 e6 3. Nf3 Nf6 4. g3 Be7 5. Bg2 0-0 6. 0-0 dxc4 7. Qc2 a6 8. a4 Bd7 9. Rd1 Bc6 10. Nc3 b6 11. e4 Bb7 12. Ne5 Nc6 13. Nxc6 Bxc6 14. d5 Bb7 15. dxe6 Qc8 16. e5 Ng4 17. Bxb7 Qxb7 18. Qf5 h5 19. Rd7 g6 20. exf7+ Kg7 21. Qe4 Qxe4 22. Nxe4 Bd8 23. e6 Ne5 24. e7 Bxe7 25. Rxe7 Nf3+ 26. Kg2 Ne1+ 27. Kf1 Nd3 28. Rxc7 Rxf7 29. Bh6+ Kg8 30. Rxf7 1-0

[Event "Basel Christmas op"]
[Site "Basel"]
[Date "2024.12.26"]
[Round "1"]
[White "Hobson, Kenneth"]
[Black "Gschnitzer, Adrian"]
[Result "1/2-1/2"]
[WhiteElo "2138"]
[BlackElo "2446"]
[PlyCount "70"]
[EventDate "2024.12.26"]
[EventType "swiss"]
[EventRounds "7"]
[EventCountry "SUI"]
[SourceTitle "CB01_2025"]
[SourceDate "2025.01.01"]
[SourceVersion "1"]
[SourceVersionDate "2025.01.01"]
[SourceQuality "1"]

1. e4 c5 2. Nf3 d6 3. Bb5+ Nd7 4. a4 Ngf6 5. Nc3 g6 6. a5 Bg7 7. 0-0 a6 8. Bc4 0-0 9. d3 b5 10. axb6 Bb7 11. Re1 a5 12. Qd2 Nxb6 13. Qg5 Nxc4 14. dxc4 Nd7 15. Qh4 Nb6 16. Nd5 Nxd5 17. exd5 e5 18. dxe6 Qxh4 19. exf7+ Rxf7 20. Nxh4 Bd4 21. Re2 Raf8 22. Be3 Bf6 23. Nf3 Bxb2 24. Rxa5 Bxf3 25. gxf3 Rxf3 26. Bh6 Bg7 27. Bxg7 Kxg7 28. Rd2 R3f4 29. Rxd6 Rxf2 30. Rxc5 Rxc2 31. Rc7+ Kh6 32. Rdd7 Kg5 33. Rxh7 Kg4 34. Rcf7 Rxf7 35. Rxf7 Rxc4 1/2-1/2

[Event "AUT-chT 2425"]
[Site "Austria"]
[Date "2024.10.09"]
[Round "1.4"]
[White "Gschnitzer, Adrian"]
[Black "Sankalp, Gupta"]
[Result "0-1"]
[WhiteElo "2449"]
[BlackElo "2534"]
[PlyCount "86"]
[EventDate "2024.10.09"]
[EventType "team-tourn"]
[EventRounds "11"]
[EventCountry "AUT"]
[SourceTitle "CB42_2024"]
[Source "ChessBase"]
[SourceDate "2024.10.16"]
[SourceVersion "1"]
[SourceVersionDate "2024.10.16"]
[SourceQuality "1"]
[WhiteTeam "Fuerstenfeld/Hartberg"]
[BlackTeam "Pinggau Friedberg"]
[WhiteTeamCountry "AUT"]
[BlackTeamCountry "AUT"]

1. e4 c6 2. d4 d5 3. e5 c5 4. Nf3 cxd4 5. Qxd4 Nc6 6. Qf4 f6 7. h4 fxe5 8. Nxe5 Nxe5 9. Qxe5 Nf6 10. h5 e6 11. h6 g6 12. Bg5 Be7 13. Bb5+ Kf7 14. Nc3 Rf8 15. 0-0-0 Kg8 16. Rhe1 Rf7 17. f4 Qb6 18. Be8 Nxe8 19. Bxe7 Bd7 20. Bg5 Nd6 21. b3 Rc8 22. Re2 Qc5 23. Rd3 b5 24. Be7 Rxe7 25. Nxd5 Rf7 26. b4 Qc4 27. Nf6+ Rxf6 28. Qxf6 Ne8 29. Qd4 Qxd4 30. Rxd4 Nf6 31. g4 Kf7 32. Rd6 Rc7 33. g5 Nd5 34. a3 Nb6 35. Re5 Nc4 36. Rc5 Rb7 37. Rd3 Nb6 38. Rd4 Ke7 39. Kd1 Nc4 40. Ke2 Nxa3 41. Rd1 Nc4 42. Ra1 Nb6 43. Ra6 Nd5 0-1

[Event "Titled Tuesday intern op 11th Jun Late"]
[Site "Chess.com INT"]
[Date "2024.06.11"]
[Round "2"]
[White "Askarov, Bakhtiyar"]
[Black "Gschnitzer, Adrian"]
[Result "1-0"]
[WhiteElo "2315"]
[BlackElo "2427"]
[PlyCount "129"]
[EventDate "2024.06.11"]
[EventType "swiss (blitz)"]
[EventRounds "11"]
[EventCountry "USA"]
[SourceTitle "EXT 2025"]
[Source "ChessBase"]
[SourceDate "2024.10.14"]
[SourceVersion "1"]
[SourceVersionDate "2024.10.14"]
[SourceQuality "1"]

1. d4 Nf6 2. Bg5 c5 3. d5 Ne4 4. h4 g6 5. Nd2 Nxg5 6. hxg5 h5 7. e4 Bg7 8. c3 d6 9. a4 0-0 10. Be2 e6 11. Ngf3 exd5 12. exd5 Re8 13. Nc4 Bg4 14. 0-0 Bf8 15. Qd2 Nd7 16. Rfe1 a6 17. a5 b5 18. axb6 Nxb6 19. Na5 Qd7 20. Nc6 Nxd5 21. Qxd5 Be6 22. Nce5 dxe5 23. Qxd7 Bxd7 24. Bxa6 e4 25. Nd2 Bc6 26. Bc4 Rad8 27. Nb3 Rd7 28. Na5 Ba8 29. Bb5 Red8 30. Bxd7 Rxd7 31. Nc4 Bb7 32. Ra7 Kg7 33. Na5 Bc8 34. Rxd7 Bxd7 35. Rxe4 Bf5 36. Re8 Bd6 37. g3 h4 38. Nc4 Bc7 39. gxh4 Bf4 40. b4 Be6 41. Ne3 c4 42. b5 Bc7 43. Re7 Bb6 44. Rb7 Ba5 45. b6 Bxc3 46. Rc7 Ba5 47. Nxc4 Bxc4 48. Rxc4 Bxb6 49. Kg2 Bd8 50. f4 Be7 51. Kf3 Bd8 52. Ke4 Be7 53. Rc7 Bd6 54. Rd7 Bb4 55. Kf3 Be1 56. Kg4 Bf2 57. h5 gxh5+ 58. Kxh5 Be3 59. f5 Kg8 60. g6 fxg6+ 61. Kxg6 Kf8 62. f6 Ke8 63. Re7+ Kf8 64. Rxe3 Kg8 65. Re8# 1-0

[Event "BL2-Sued playoff 2"]
[Site "Germany"]
[Date "2024.05.04"]
[Round "10.1"]
[White "Hebbering, Tom Elliot"]
[Black "Gschnitzer, Adrian"]
[Result "1/2-1/2"]
[WhiteElo "2215"]
[BlackElo "2431"]
[PlyCount "50"]
[EventDate "2024.05.04"]
[EventType "team-k.o."]
[EventRounds "2"]
[EventCountry "GER"]
[SourceTitle "EXT 2025"]
[Source "ChessBase"]
[SourceDate "2024.10.14"]
[SourceVersion "1"]
[SourceVersionDate "2024.10.14"]
[SourceQuality "1"]
[WhiteTeam "Gernsheim"]
[BlackTeam "Walldorf"]
[WhiteTeamCountry "GER"]
[BlackTeamCountry "GER"]

1. Nf3 c5 2. c4 Nf6 3. g3 Nc6 4. Bg2 d5 5. cxd5 Nxd5 6. d4 cxd4 7. Nxd4 Ndb4 8. Nxc6 Qxd1+ 9. Kxd1 Nxc6 10. Bxc6+ bxc6 11. Nc3 e5 12. f3 Bc5 13. Na4 Bd4 14. e3 Bb6 15. Nxb6 axb6 16. e4 Ba6 17. Be3 0-0-0+ 18. Ke1 Rd3 19. Kf2 Rhd8 20. Rhc1 Kb7 21. Rc2 g6 22. Rac1 Bb5 23. b3 c5 24. a4 Bc6 25. a5 Rxb3 1/2-1/2

[Event "BL2-Sued 2324"]
[Site "Germany"]
[Date "2023.12.03"]
[Round "4.2"]
[White "Gschnitzer, Adrian"]
[Black "Rakotomaharo, Fy Antenaina"]
[Result "1/2-1/2"]
[WhiteElo "2402"]
[BlackElo "2454"]
[PlyCount "156"]
[EventDate "2023.10.21"]
[EventType "team-tourn"]
[EventRounds "10"]
[EventCountry "GER"]
[SourceTitle "EXT 2025"]
[Source "ChessBase"]
[SourceDate "2024.10.14"]
[SourceVersion "1"]
[SourceVersionDate "2024.10.14"]
[SourceQuality "1"]
[WhiteTeam "Walldorf"]
[BlackTeam "Bad Mergentheim"]
[WhiteTeamCountry "GER"]
[BlackTeamCountry "GER"]

1. e4 e5 2. Nf3 Nc6 3. Bc4 Bc5 4. c3 Nf6 5. d4 exd4 6. cxd4 Bb4+ 7. Nbd2 Nxe4 8. d5 Ne7 9. 0-0 Nf6 10. a3 Bd6 11. Ng5 b5 12. Bxb5 0-0 13. Nde4 Nexd5 14. Bc4 Nb6 15. Qd3 Nxe4 16. Qxe4 g6 17. Ba2 Ba6 18. Re1 Qf6 19. Bd2 Qxb2 20. Qe3 Bc5 21. Qh3 h5 22. Ne4 Bd4 23. Bb3 Bg7 24. Rab1 Qd4 25. Re3 Nd5 26. Bxd5 Qxd5 27. Bc3 Bxc3 28. Nxc3 Qc6 29. Rd1 Rab8 30. Qxd7 Qxd7 31. Rxd7 Rfd8 32. Rde7 Rb3 33. h4 Rd3 34. Rxc7 Rxe3 35. fxe3 Rxa3 36. Rxa7 Rxc3 37. Rxa6 Rxe3 38. Kf2 Re6 39. Ra7 Kg7 40. Kf3 Rb6 41. g3 Kf6 42. Kf4 Rb4+ 43. Kf3 Rd4 44. Ra5 Ke6 45. Rb5 Rd5 46. Rb7 Rd3+ 47. Kf4 Rd4+ 48. Kf3 f6 49. Ra7 Ke5 50. Ra5+ Rd5 51. Ra3 Rc5 52. Ke3 Rb5 53. Kf3 Rd5 54. Ke3 Rc5 55. Kf3 Kf5 56. Rb3 Ra5 57. Re3 Ra1 58. Rb3 Rf1+ 59. Kg2 Re1 60. Kf3 g5 61. hxg5 Kxg5 62. Rb5+ Re5 63. Rb3 Rf5+ 64. Kg2 Ra5 65. Kf3 Ra4 66. Rb5+ f5 67. Rb3 h4 68. gxh4+ Rxh4 69. Kg3 f4+ 70. Kg2 Kg4 71. Rc3 Rh5 72. Ra3 Re5 73. Kf2 Rb5 74. Kg2 Rb2+ 75. Kf1 f3 76. Ra8 Rb1+ 77. Kf2 Rb2+ 78. Kf1 Rb1+ 1/2-1/2

[Event "BL2-Sued 2324"]
[Site "Germany"]
[Date "2023.10.20"]
[Round "8.2"]
[White "Gschnitzer, Adrian"]
[Black "Wagner, Dinara"]
[Result "0-1"]
[WhiteElo "2402"]
[BlackElo "2461"]
[PlyCount "68"]
[EventDate "2023.10.21"]
[EventType "team-tourn"]
[EventRounds "10"]
[EventCountry "GER"]
[SourceTitle "EXT 2025"]
[Source "ChessBase"]
[SourceDate "2024.10.14"]
[SourceVersion "1"]
[SourceVersionDate "2024.10.14"]
[SourceQuality "1"]
[WhiteTeam "Walldorf"]
[BlackTeam "Viernheim II"]
[WhiteTeamCountry "GER"]
[BlackTeamCountry "GER"]

1. e4 c5 2. Nf3 d6 3. d4 cxd4 4. Nxd4 Nf6 5. Nc3 a6 6. Bg5 e6 7. f4 Nbd7 8. Qf3 h6 9. Bh4 e5 10. Nf5 exf4 11. Nd5 g5 12. Qc3 Nxd5 13. Qxh8 Qf6 14. Qxf6 N5xf6 15. Bf2 Nxe4 16. Bd3 d5 17. Bxe4 dxe4 18. 0-0-0 e3 19. Be1 Nf6 20. Nd6+ Bxd6 21. Rxd6 Be6 22. h4 Rd8 23. Rxd8+ Kxd8 24. Bc3 Ng4 25. Rd1+ Kc7 26. Rd4 b6 27. Kd1 Kc6 28. Ke1 Nh2 29. hxg5 hxg5 30. Ke2 Bd5 31. g3 fxg3 32. Kxe3 f5 33. Rd1 f4+ 34. Kd4 f3 0-1